000 01297nam a2200301 a 4500
005 20150703151914.0
008 081018s2003 ck a gr 00010 spa d
020 _a9583397954
040 _aCO-BoBLA
_cCO-BoBLA
_dCo-BoIAVH
041 _aspa
044 _ack
082 0 4 _a636.009
_bF85a
110 2 _aFundación Swissaid.
_934963
245 1 0 _aAnimales criollos :
_bconocimiento tradicional y soberanía alimentaria : experiencias locales de cría y manejo de animales criollos por organizaciones indígenas y campesinas de Colombia : aporte a la seguridad alimentaria /
_cFundación Swissaid, Grupo Semillas.
250 _aEditado por Astrid Alvarez.
260 3 _aBogotá:
_bFundación Swissaid :
_bGrupo Semillas,
_c2003.
300 _a121 p.
_bil.
_c28 cm.
504 _aIncluye bibliografías.
650 _aAnimales domésticos
_x Alimentación y alimentos
_z Colombia.
_935201
650 6 _aCuyes
_x Alimentación y alimentos
_z Colombia.
_935202
650 6 _aCuyes
_x Cría y desarrollo
_z Colombia.
_935203
650 6 _aGallinas
_x Cría y desarrollo
_z Colombia.
_935204
650 _aAnimales domésticos
_x Enfermedades
_z Colombia.
_935205
700 1 _aÁlvarez, Astrid
_eEditora
_934969
710 2 _aGrupo Semillas.
_934970
942 _2ddc
_cLIBRO
949 _ac
_bc
999 _c17492
_d17492